000 00319nam a22001097a 4500
008 230623b xxu||||| |||| 00| 0 eng d
082 _a330.96
_bCSAE 2006
245 _aCentre for the Study of African Economies
_bResearch Summary 2005/06
260 _aUK
_bUniversity of Oxford
_c2006
300 _aIV,84p
942 _2ddc
_cBK
999 _c2525
_d2525